Apartmány Technik
Gespeichert in:
| 1. Verfasser: | |
|---|---|
| Weitere Verfasser: | |
| Format: | Manuskript Buch |
| Sprache: | Slowakisch |
| Veröffentlicht: |
Bratislava
2015
|
| Schlagworte: | |
| Online-Zugang: | http://is.stuba.sk/zp/portal_zp.pl?podrobnosti=93997 |
| Tags: |
Keine Tags, Fügen Sie das erste Tag hinzu!
|
MARC
| LEADER | 00000ntm a22000003a 4500 | ||
|---|---|---|---|
| 001 | stuzp51976 | ||
| 003 | SK-STU | ||
| 005 | 20210301080857.6 | ||
| 007 | ta | ||
| 008 | 150427s2015----xo-----f-mn---000-0-slo-d | ||
| 040 | |a STU |b slo | ||
| 041 | 0 | |a slo | |
| 100 | 1 | |a Sýkorová, Michaela |u 052120 |4 aut |U FAD Fakulta architektúry |T FA Ústav ekologickej a experimentálnej architektúry |X 74171 |U A2120 |Y 393 |7 74171 | |
| 242 | 0 | 1 | |a Apartmány Technik |y eng |
| 245 | 1 | 0 | |a Apartmány Technik |
| 260 | |c 2015 |a Bratislava | ||
| 650 | 4 | |a urbanistické riešenie |2 slo | |
| 650 | 4 | |a verejné priestory |2 slo | |
| 650 | 4 | |a prechodné ubytovanie |2 slo | |
| 650 | 4 | |a public spaces |2 eng | |
| 650 | 4 | |a temporary accommodation |2 eng | |
| 650 | 4 | |a urban design |2 eng | |
| 700 | 1 | |a Varga, Tibor, |d 1977- |4 ths |X 337 |7 A000000337 | |
| 856 | 4 | |u http://is.stuba.sk/zp/portal_zp.pl?podrobnosti=93997 |u https://opac.crzp.sk/?fn=detailBiblioForm&sid=367CD704F5D5570C76E0F6DE3652 | |
| SQL | |a stuzp51976 |b DBP |c SLO |d Apartmány Technik |e 74171 |f Sýkorová, Michaela |g 052120 |h 337 |i Varga, Tibor |j 20150612 |k 149 |l 05 |m http://is.stuba.sk/zp/portal_zp.pl?podrobnosti=93997 |n B-AU |o 5.1.1. architektúra a urbanizmus | ||